Corruption in developing countries / (Record no. 23377)
[ view plain ]
| 000 -LEADER | |
|---|---|
| fixed length control field | 00857cam a22002655a 4500 |
| 001 - CONTROL NUMBER | |
| control field | 016299362 |
| 003 - CONTROL NUMBER IDENTIFIER | |
| control field | OSt |
| 005 - DATE AND TIME OF LATEST TRANSACTION | |
| control field | 20161128150849.0 |
| 008 - FIXED-LENGTH DATA ELEMENTS--GENERAL INFORMATION | |
| fixed length control field | 130228s2013 enk fr 001 0 eng d |
| 020 ## - INTERNATIONAL STANDARD BOOK NUMBER | |
| International Standard Book Number | 9780415846820 |
| 040 ## - CATALOGING SOURCE | |
| Original cataloging agency | StDuBDS |
| Language of cataloging | eng |
| Transcribing agency | StDuBDS |
| Modifying agency | EG-ScBUE |
| 082 04 - DEWEY DECIMAL CLASSIFICATION NUMBER | |
| Classification number | 351.9 |
| Edition number | 22 |
| Item number | WRA |
| 100 1# - MAIN ENTRY--PERSONAL NAME | |
| Personal name | Wraith, Ronald |
| Fuller form of name | (Ronald Edward) |
| 245 10 - TITLE STATEMENT | |
| Title | Corruption in developing countries / |
| Statement of responsibility, etc | by Ronald Wraith, Edgar Simpkins. |
| 260 ## - PUBLICATION, DISTRIBUTION, ETC. (IMPRINT) | |
| Place of publication, distribution, etc | Oxon ; |
| -- | New York : |
| Name of publisher, distributor, etc | Routledge / Taylor & Francis Group, |
| Date of publication, distribution, etc | 2013. |
| 300 ## - PHYSICAL DESCRIPTION | |
| Extent | 211 p. ; |
| Dimensions | 24 cm. |
| 490 0# - Series Statement | |
| Series statement | Routledge library editions. Development ; |
| Volume/sequential designation | v. 85. |
| 500 ## - GENERAL NOTE | |
| General note | Index : p. [209]-211. |
| 650 #7 - SUBJECT ADDED ENTRY--TOPICAL TERM | |
| Topical term or geographic name as entry element | Corruption |
| Geographic subdivision | Africa. |
| Source of heading or term | BUEsh |
| 650 #7 - SUBJECT ADDED ENTRY--TOPICAL TERM | |
| Topical term or geographic name as entry element | Corruption |
| Geographic subdivision | Great Britain |
| General subdivision | History. |
| Source of heading or term | BUEsh |
| 9 (RLIN) | 14417 |
| 651 ## - SUBJECT ADDED ENTRY--GEOGRAPHIC NAME | |
| Source of heading or term | BUEsh |
| 653 ## - INDEX TERM--UNCONTROLLED | |
| Resource For college | BAEPS, Economics |
| Arrived date list | November2016 |
| 700 1# - ADDED ENTRY--PERSONAL NAME | |
| Personal name | Simpkins, Edgar. |
| 942 ## - ADDED ENTRY ELEMENTS (KOHA) | |
| Source of classification or shelving scheme | Dewey Decimal Classification |
| Withdrawn status | Item status | Source of classification or shelving scheme | Damaged status | Not for loan | Vendor | Home library | Current library | Shelving location | Date acquired | Source of acquisition | Cost, normal purchase price | Total Checkouts | Full call number | Barcode | Date last seen | Koha item type |
|---|---|---|---|---|---|---|---|---|---|---|---|---|---|---|---|---|
| Dewey Decimal Classification | Baccah | Central Library | Central Library | First floor | 28/11/2016 | Purchase | 520.00 | 351.9 WRA | 000040122 | 15/07/2025 | Book - Borrowing | |||||
| Dewey Decimal Classification | Baccah | Central Library | Central Library | First floor | 28/11/2016 | Purchase | 520.00 | 351.9 WRA | 000040123 | 15/07/2025 | Book - Borrowing | |||||
| Dewey Decimal Classification | Baccah | Central Library | Central Library | First floor | 28/11/2016 | Purchase | 520.00 | 351.9 WRA | 000040124 | 15/07/2025 | Book - Borrowing |